Pestalozzi : (Registro nro. 34484)
[ vista simple ]
| 000 -LEADER | |
|---|---|
| fixed length control field | 01381nam a2200349 4500 |
| 001 - CONTROL NUMBER | |
| control field | 0000016109 |
| 003 - CONTROL NUMBER IDENTIFIER | |
| control field | CO-CtgCURN |
| 005 - DATE AND TIME OF LATEST TRANSACTION | |
| control field | 20250429224004.0 |
| 007 - PHYSICAL DESCRIPTION FIXED FIELD--GENERAL INFORMATION | |
| fixed length control field | ta |
| 008 - FIXED-LENGTH DATA ELEMENTS--GENERAL INFORMATION | |
| fixed length control field | 160627s1989 000 0 eng d |
| 020 ## - INTERNATIONAL STANDARD BOOK NUMBER | |
| International Standard Book Number | 9682428394 |
| 040 ## - CATALOGING SOURCE | |
| Original cataloging agency | CO-CtgCURN |
| Language of cataloging | spa |
| Transcribing agency | coctgcurn |
| 082 0# - DEWEY DECIMAL CLASSIFICATION NUMBER | |
| Classification number | 370.092 |
| Item number | P584p |
| 100 1# - MAIN ENTRY--PERSONAL NAME | |
| Personal name | Piaton, Georges. |
| 245 10 - TITLE STATEMENT | |
| Title | Pestalozzi : |
| Remainder of title | la confianza en el ser humano / |
| Statement of responsibility, etc. | Georges Piaton , traducción Francisco González Aramburo. |
| 260 ## - PUBLICATION, DISTRIBUTION, ETC. | |
| Place of publication, distribution, etc. | Mexico : |
| Name of publisher, distributor, etc. | Trillas, |
| Date of publication, distribution, etc. | 1989. |
| 300 ## - PHYSICAL DESCRIPTION | |
| Extent | 110 p. |
| 336 ## - CONTENT TYPE | |
| Source | rdacontent |
| 337 ## - MEDIA TYPE | |
| Source | rdamedia |
| Media type term | sin mediacion |
| Media type code | n |
| 338 ## - CARRIER TYPE | |
| Source | rdacarrier |
| Carrier type term | volumen |
| Carrier type code | nc |
| 490 1# - SERIES STATEMENT | |
| Series statement | Biblioteca grandes educadores ; |
| Volume/sequential designation | 2 |
| 500 ## - GENERAL NOTE | |
| General note | Taducción de la obra en frances: Pestalozzi. |
| 504 ## - BIBLIOGRAPHY, ETC. NOTE | |
| Bibliography, etc. note | Bibliografia (p. 105-107) |
| 505 8# - FORMATTED CONTENTS NOTE | |
| Formatted contents note | El despertar de una vocacion.--El tiempo de escribir.--El maestro de escuela.--El fundador.--La esperanza herida.--La simiente germinara.--La lucha continua.--Dura fue la caida.--Volver a empezar, una vez mas |
| 650 14 - SUBJECT ADDED ENTRY--TOPICAL TERM | |
| Topical term or geographic name entry element | Educación. |
| 700 1# - ADDED ENTRY--PERSONAL NAME | |
| Personal name | González Aramburo, Francisco, |
| Relator term | Traductor. |
| 908 ## - PUT COMMAND PARAMETER (RLIN) | |
| Put command parameter | 160627 |
| 942 ## - ADDED ENTRY ELEMENTS (KOHA) | |
| Koha item type | Libros |
| Classification part | 370.092 |
| Item part | P584p |
| Source of classification or shelving scheme | Dewey Decimal Classification |
| Withdrawn status | Lost status | Source of classification or shelving scheme | Damaged status | Not for loan | Collection | Home library | Current library | Shelving location | Date acquired | Inventory number | Total checkouts | Full call number | Barcode | Date last seen | Copy number | Price effective from | Koha item type | Public note |
|---|---|---|---|---|---|---|---|---|---|---|---|---|---|---|---|---|---|---|
| Dewey Decimal Classification | General | Miguel Henríquez Castañeda | Miguel Henríquez Castañeda | General | 04/29/2025 | 006443 | 370.092 P584p | 006443 | 04/29/2025 | ej.1 | 04/29/2025 | Libros | 370-EDUCAC | |||||
| Dewey Decimal Classification | General | Miguel Henríquez Castañeda | Miguel Henríquez Castañeda | General | 04/29/2025 | 006447 | 370.092 P584p | 006447 | 04/29/2025 | ej.2 | 04/29/2025 | Libros | 370-EDUCAC | |||||
| Dewey Decimal Classification | General | Miguel Henríquez Castañeda | Miguel Henríquez Castañeda | General | 04/29/2025 | 013444 | 370.092 P584p | 013444 | 04/29/2025 | ej.3 | 04/29/2025 | Libros | 370-EDUCAC |